| 000 | 00578nam a2200205 a 4500 | ||
|---|---|---|---|
| 005 | 20240215063817.0 | ||
| 008 | 991125s1989 mx 000 0 spa u | ||
| 020 | _a9682427428 | ||
| 035 | _aUPN01000000827 | ||
| 049 | _aCG | ||
| 050 | 4 |
_aHF5549 _bT9.38 |
|
| 100 | 1 | _aTyson, Shaun | |
| 245 | 1 | 0 |
_aAdministración de personal / _cShaun Tyson, Alfred York ; tr. Arturo Narváez López. |
| 260 |
_aMéxico : _bTrillas, _c1989. |
||
| 300 | _a349 p. | ||
| 650 | 4 |
_aAdministración _928 |
|
| 650 | 4 |
_aPERSONAL - _xDIRECCION _911025 |
|
| 700 | 1 |
_aYork, Alfred, _ecoaut. |
|
| 905 | _aLibro | ||
| 999 |
_c827 _d827 |
||